| LEADER | 00685nam a2200193 4500 | ||
|---|---|---|---|
| 082 | |a 895.9221408 |b H450X | ||
| 100 | |a Lê Thu Yến | ||
| 245 | |a Hồ Xuân Hương trong cảm hứng thơ người đời sau |c Lê Thu Yến tuyển chọn và giới thiệu | ||
| 260 | |a H. |b Giáo dục |c 2007 | ||
| 300 | |a 100 tr. |c 19 cm | ||
| 520 | |a v.v... | ||
| 653 | |a Văn học hiện đại | ||
| 653 | |a Thế kỷ 20 | ||
| 653 | |a Thế kỷ 21 | ||
| 653 | |a Việt Nam | ||
| 653 | |a Thơ | ||
| 942 | |2 ddc |c SH | ||
| 999 | |c 2378 |d 2378 | ||
| 952 | |0 0 |1 0 |2 ddc |4 0 |6 895_922140800000000_H450X |7 0 |8 800 |9 31280 |a qbu |b qbu |c D5 |d 2014-12-13 |g 6600 |l 2 |o 895.9221408 H450X |p 3749.c1 |r 2016-12-09 |s 2016-11-29 |w 2014-12-13 |y SH | ||